000 00267 a2200109 4500
001 63383
082 _a005.369 MIC
090 _c37434
_d37434
100 _aMicrosoft
245 _aGetting Result with Microsoft Excel for Windows 95
_hEnglish
260 _bMicrosoft
942 _aCAE NUST
_k005.369 MIC
999 _c298456
_d298456